|
|
|
|
| LEADER |
00000 a a2200000 04500 |
| 001 |
28850 |
| 003 |
|
| 040 |
|
|
|a CRAI/IIS
|c CRAI/IIS
|
| 020 |
|
|
|a 9968-16-141-1
|
| 090 |
|
|
|a 189903
|
| 100 |
|
|
|a Carvajal Alvarado, Guillermo
|
| 245 |
|
|
|a La Delictividad urbana en la ciudad de San José 1990-2000: una perspectiva geográfica /
|c Guillermo Carvajal Alvarado
|
| 260 |
|
|
|a San José:
|b VLAMARAN
|
| 300 |
|
|
|a 129 p
|b map.
|
| 650 |
|
|
|a DELINCUENCIA
|
| 650 |
|
|
|a ZONAS URBANAS
|
| 650 |
|
|
|a DISTRIBUCION GEOGRAFICA
|
| 650 |
|
|
|a SEGURIDAD
|
| 650 |
|
|
|a ENCUESTAS DE OPINION PUBLICA
|
| 650 |
|
|
|a DISTRIBUCION POR EDAD Y SEXO
|
| 650 |
|
|
|a SEGURIDAD
|
| 700 |
|
|
|a Alfaro, Libia
|
| 999 |
|
|
|c 13106
|d 13106
|